English (Record no. 271)
[ view plain ]
| 000 -LEADER | |
|---|---|
| Fixed length control field | 00482nam a2200193Ia 4500 |
| 003 - CONTROL NUMBER IDENTIFIER | |
| Control field | IIN |
| 005 - DATE AND TIME OF LATEST TRANSACTION | |
| Control field | 20240104131946.0 |
| 008 - FIXED-LENGTH DATA ELEMENTS--GENERAL INFORMATION | |
| Fixed length control field | 231217s9999 xx 000 0 und d |
| 020 ## - INTERNATIONAL STANDARD BOOK NUMBER / ISBN | |
| Price | Rs.425.00 |
| International Standard Book Number | 9788131235836 |
| 040 ## - CATALOGING SOURCE | |
| Original cataloging agency | IIN |
| Language of cataloging | English |
| 082 ## - DEWEY DECIMAL CLASSIFICATION NUMBER | |
| Classification number | 428.0071 |
| Book Number | LOH |
| 100 ## - MAIN ENTRY--PERSONAL NAME | |
| Personal name | Lohumi, Shama |
| 245 1# - TITLE STATEMENT | |
| Title | English |
| Sub title | for Nurses |
| Statement of responsibility | by Shama Lohumi |
| 250 ## - EDITION STATEMENT | |
| Edition statement | 2nd ed |
| 260 ## - IMPRINT | |
| Name of publisher | Elsevier |
| Place of publication | New Delhi |
| Date of publication | 2015 |
| 300 ## - PHYSICAL DESCRIPTION | |
| Page / Vol. No | xvii, 252 p. |
| 650 1# - SUBJECT ADDED ENTRY--TOPICAL TERM | |
| Topical term | English |
| Form subdivision | Nurses |
| 942 ## - ADDED ENTRY ELEMENTS (KOHA) | |
| Koha item type | Books |
| Withdrawn status | Lost status | Source of classification | Damaged status | Not for loan | Collection code | Home library | Current library | Date acquired | Price | Total Checkouts | Call number | Accession number | Date last seen | Price effective from | Koha item type |
|---|---|---|---|---|---|---|---|---|---|---|---|---|---|---|---|
| Dewey Decimal Classification | IDEAL INSTITUTE OF NURSING | IDEAL INSTITUTE OF NURSING | 17/12/2023 | 425.00 | 428.0071 LOH | 266 | 17/12/2023 | 17/12/2023 | Books |
